[Event "Xstrata ch-AUS 2006"]
[Site "Brisbane AUS"]
[Date "2005.12.30"]
[Round "3"]
[White "Pyke,M"]
[Black "Caoili,A"]
[Result "1-0"]
[WhiteElo "2126"]
[BlackElo "2207"]

1.d4 d5 2.c4 c6 3.Nf3 Nf6 4.Nc3 e6 5.e3 Nbd7 6.Bd3 dxc4 7.Bxc4 b5 8.Bd3 Bb7
9.O-O a6 10.a4 b4 11.Nb1 c5 12.Nbd2 cxd4 13.exd4 Be7 14.a5 Qc7 15.Qe2 O-O
16.Nc4 Bd5 17.Ne3 Be4 18.Bxe4 Nxe4 19.d5 Ndc5 20.dxe6 fxe6 21.Qc4 Rf4 22.Nd5 exd5
23.Qxd5+ Rf7 24.Qxa8+ Rf8 25.Qd5+ Kh8 26.Be3 Bf6 27.Rac1 Rc8 28.Nd4 Rd8 29.Qxe4 Qxa5
30.Rxc5 Qxc5 31.Nc6 Qd5 32.Qxd5 Rxd5 33.Nxb4 Rb5 34.Nxa6 Rxb2 35.Nc5  1-0

[Event "Master Open"]
[Site "Zurich SUI"]
[Date "2005.12.30"]
[Round "7"]
[White "Prusikin,M"]
[Black "Habu,Y"]
[Result "1/2-1/2"]
[WhiteElo "2564"]
[BlackElo "2341"]

1.d4 d5 2.c4 e6 3.Nc3 c6 4.e3 Nf6 5.Nf3 Nbd7 6.Qc2 Bd6 7.Bd3 O-O 8.O-O dxc4
9.Bxc4 b5 10.Bd3 Bb7 11.a3 Qc7 12.e4 e5 13.dxe5 Nxe5 14.Nxe5 Bxe5 15.f4 Bxc3
16.bxc3 c5 17.e5 c4 18.Bf5 g6 19.exf6 Qc5+ 20.Qf2 Qxf5 21.Be3 Qxf6 22.Bd4 Qf5  1/2-1/2

[Event "8th Hilton Schachfestival"]
[Site "Basel SUI"]
[Date "2006.01.01"]
[Round "1"]
[White "Nabavi,P"]
[Black "Malakhatko,V"]
[Result "0-1"]
[WhiteElo "2137"]
[BlackElo "2556"]

1.d4 d5 2.c4 c6 3.Nf3 Nf6 4.Nc3 e6 5.e3 a6 6.a4 c5 7.cxd5 exd5 8.Be2 Nc6
9.O-O Be6 10.b3 cxd4 11.Nxd4 Nxd4 12.Qxd4 Rc8 13.Ba3 Bxa3 14.Rxa3 Qc7 15.b4 O-O
16.h3 Rfd8 17.a5 Bd7 18.Rd1 Bc6 19.Bd3 Ne4 20.Ne2 Qe7 21.Raa1 g6 22.Qb6 Nf6
23.Nd4 Qd6 24.Qc5 Qe5 25.Nf3 Qe8 26.Qd4 Nd7 27.Rd2 Nf8 28.Qb6 d4 29.Be2 d3
30.Rxd3 Nd7 31.Rxd7 Qxd7 32.Rd1 Qc7 33.Rxd8+ Qxd8 34.Qxd8+ Rxd8 35.Nd4 Bd5
36.f3 Rc8 37.Kf2 Rc1 38.Bd3 Ra1 39.e4 Be6 40.Ke3 Ra4 41.b5 Rxa5 42.b6 Ra4
43.h4 Rb4 44.g4 Rxb6 45.Kf4 Kf8 46.e5 h6  0-1

[Event "Masters"]
[Site "Hastings ENG"]
[Date "2006.01.03"]
[Round "7"]
[White "Le Roux,JP"]
[Black "Ashton,A"]
[Result "1-0"]
[WhiteElo "2497"]
[BlackElo "2331"]

1.d4 d5 2.Nf3 Nf6 3.c4 e6 4.Nc3 c6 5.e3 Nbd7 6.Bd3 dxc4 7.Bxc4 b5 8.Bd3 Bd6
9.Qc2 Bb7 10.Bd2 O-O 11.e4 e5 12.dxe5 Bxe5 13.Nxe5 Nxe5 14.Be2 c5 15.Bxb5 c4
16.O-O a6 17.Ba4 Nd3 18.Bg5 h6 19.Bh4 Qd4 20.Bxf6 Qxf6 21.Qe2 Rab8 22.Rab1 Ba8
23.Rfd1 Rfd8 24.g3 Qe5 25.Qe3 f5 26.Bc2 fxe4 27.Na4 Rf8 28.Bxd3 cxd3 29.Rxd3 Rf3
30.Qd4 Qe6 31.Re3 Qxa2 32.Nc3 Qf7 33.Rxf3 Qxf3 34.Qe3 Qg4 35.Qe2 Qg6 36.Qe3 Rf8
37.Rd1 Kh7 38.Re1 Rf3 39.Qd2 Rd3 40.Qc1 Rd4 41.Ne2 Rb4 42.Nf4 Qb6 43.Qc8 Rxb2
44.Qf5+ Kg8 45.Ne6 Qb4 46.Re3 Qe7 47.Rc3 Qb7 48.Qf8+ Kh7 49.Rc7 Rb1+ 50.Kg2 e3+
51.Rxb7  1-0

[Event "Masters"]
[Site "Hastings ENG"]
[Date "2006.01.03"]
[Round "7"]
[White "Mansson,J"]
[Black "Thompson,I"]
[Result "1/2-1/2"]
[WhiteElo "2114"]
[BlackElo "2295"]

1.d4 d5 2.c4 e6 3.Nc3 c6 4.e3 Nf6 5.Nf3 Nbd7 6.Qc2 Bd6 7.g4 Bb4 8.Bd2 Qe7
9.Be2 Nxg4 10.e4 dxe4 11.Qxe4 Ngf6 12.Qh4 Nf8 13.Ne5 Bxc3 14.Bxc3 Nd5 15.Qg3 Nxc3
16.Qxg7 Nxe2 17.Qxh8 Nxd4 18.Rd1 c5 19.Rg1 Bd7 20.Rg7 O-O-O 21.Nxf7 Re8 22.Ne5 Qd8
23.Nf7 Qe7 24.Ne5 Qd8 25.Nf7  1/2-1/2

[Event "Masters"]
[Site "Hastings ENG"]
[Date "2006.01.04"]
[Round "8"]
[White "Pert,R"]
[Black "Erenburg,S"]
[Result "0-1"]
[WhiteElo "2429"]
[BlackElo "2582"]

1.d4 d5 2.c4 e6 3.Nf3 Nf6 4.Nc3 c6 5.e3 a6 6.Ne5 Bd6 7.f4 c5 8.cxd5 exd5
9.Be2 Nc6 10.O-O O-O 11.Bf3 cxd4 12.exd4 Qb6 13.Nxd5 Nxd5 14.Bxd5 Nxe5 15.fxe5 Bxe5
16.Kh1 Qxd4 17.Qb3 Be6 18.Bxe6 fxe6 19.Qxe6+ Kh8 20.Bg5 Qxb2 21.Rae1 Qb5
22.Rf7 Bc3 23.Rc1 Qxg5 24.Rxc3 Qd2 25.Re3 Rxf7 26.Qe8+ Rf8  0-1

[Event "Masters"]
[Site "Hastings ENG"]
[Date "2006.01.04"]
[Round "8"]
[White "Kuzubov,Y"]
[Black "Gagunashvili,M"]
[Result "1/2-1/2"]
[WhiteElo "2541"]
[BlackElo "2542"]

1.d4 d5 2.c4 c6 3.Nf3 Nf6 4.Nc3 e6 5.e3 a6 6.b3 Bb4 7.Bd2 Nbd7 8.Qc2 Qe7
9.Be2 O-O 10.O-O e5 11.cxd5 cxd5 12.dxe5 Nxe5 13.Nxe5 Qxe5 14.Ne4 Be7 15.Ng3 Be6
16.Bc3 Qd6 17.Qb2 Rac8 18.Rfd1 Qb6 19.Bd4 Qa5 20.a3 Rc6 21.Bd3 Rd8 22.b4 Qc7
23.a4 Qd6 24.b5 axb5 25.axb5 Rcc8 26.Ra7 Qb8 27.b6 Ne8 28.Qb1 h6 29.Qb2 Bf6
30.h3 Rc6 31.Nh5 Bxd4 32.Qxd4 g6 33.Nf4 Ng7 34.g4 g5 35.Nxe6 Nxe6 36.Qf6 Nc5
37.Qd4 Qd6 38.Bf5 Rxb6 39.Ra2 Ne6 40.Qd3 Ng7 41.Bh7+ Kh8 42.Rad2 Qe5 43.Be4 Rbd6
44.Bf3 Ne6 45.Qb5 b6 46.Kg2 Kg7 47.Rc2 Kf6 48.Rc6 Rxc6 49.Qxc6 Rd6 50.Qa8 Kg7
51.Rxd5 Rxd5 52.Qxd5 Qxd5 53.Bxd5 Kf6 54.h4 b5 55.hxg5+ hxg5 56.Kf3 Ke5 57.Ba2 f6
58.Bxe6 Kxe6 59.Ke4 Kd6 60.Kd4 Kc6 61.f3 Kd6 62.f4 Kc6 63.f5 b4 64.Kc4 b3
65.Kxb3 Kd5 66.Kb4 Ke4 67.Kc5 Kxe3 68.Kd5  1/2-1/2

[Event "Xstrata ch-AUS 2006"]
[Site "Brisbane AUS"]
[Date "2006.01.05"]
[Round "8"]
[White "Goldenberg,I"]
[Black "Humphrey,J"]
[Result "1-0"]
[WhiteElo "2335"]
[BlackElo "2254"]

1.d4 d5 2.Nf3 c6 3.c4 e6 4.Nc3 Nf6 5.e3 Nbd7 6.Bd3 dxc4 7.Bxc4 b5 8.Bd3 Bb7
9.O-O a6 10.e4 c5 11.d5 Qc7 12.Qe2 Bd6 13.dxe6 fxe6 14.Ng5 Nf8 15.f4 c4 16.Bc2 e5
17.a4 h6 18.Nf3 N8d7 19.axb5 axb5 20.Rxa8+ Bxa8 21.Kh1 Qc5 22.fxe5 Nxe5 23.Nd4 Nd3
24.Ndxb5 O-O 25.Be3 Qe5 26.Nxd6 Qxd6 27.b3 Ng4 28.Rxf8+ Qxf8 29.Bxd3 cxd3
30.Qxg4 Qf1+ 31.Bg1 Qe1 32.Qc8+ Kh7 33.Qf5+ Kh8 34.Qc8+ Kh7 35.Qc4 d2 36.Qd3 h5
37.Qf3 Bxe4 38.Qxh5+ Kg8 39.Qe8+ Kh7 40.Qh5+ Kg8 41.b4 Bc2 42.Qd5+ Kh7 43.b5 d1=Q
44.Nxd1 Qxd1  1-0

[Event "Petrovskaya Ladya IM"]
[Site "Peterhof RUS"]
[Date "2006.01.05"]
[Round "3"]
[White "Bets,A"]
[Black "Lupik,M"]
[Result "1-0"]
[WhiteElo "2362"]
[BlackElo "2226"]

1.d4 d5 2.c4 e6 3.Nc3 Nf6 4.Nf3 c6 5.e3 Nbd7 6.Bd3 dxc4 7.Bxc4 b5 8.Bd3 Bb7
9.e4 b4 10.Na4 c5 11.e5 Nd5 12.O-O cxd4 13.Re1 a6 14.Nxd4 Rc8 15.Nxe6 fxe6
16.Qh5+ Ke7 17.Bg5+ N7f6 18.Rad1 Qe8 19.Qh3 Kf7 20.exf6 gxf6 21.Bf5 Nc7 22.Bf4 Bg7
23.Nc5 Qc6 24.Nxb7 Qxb7 25.Rd7+  1-0

[Event "Open"]
[Site "Verona ITA"]
[Date "2006.01.05"]
[Round "5"]
[White "Rombaldoni,D"]
[Black "Borgo,G"]
[Result "1/2-1/2"]
[WhiteElo "2316"]
[BlackElo "2408"]

1.d4 d5 2.c4 e6 3.Nf3 c6 4.e3 Nf6 5.Nc3 Nbd7 6.Qc2 b6 7.b3 Bb7 8.Bd3 Bd6
9.O-O O-O 10.Bb2 h6 11.Rfd1 Qe7 12.Rac1 Rad8 13.Qe2 Rfe8 14.e4 e5 15.cxd5 cxd5
16.dxe5 Nxe5 17.Nxd5 Nxd5 18.exd5 Nxd3 19.Qxd3 Qe4 20.Qxe4 Rxe4 21.Rc2 Bc5
22.Rcd2 Bb4 23.Rd3 Ba6 24.Rd4 Rxd4 25.Rxd4 Bc5 26.Rd1 Bb7 27.Nh4 Rxd5 28.Rxd5 Bxd5
29.Nf5 f6 30.Bd4 Ba3 31.f3 h5 32.Kf2 Kf7 33.Ng3 g6 34.Ne4 Be7 35.Ke3 Ke6
36.Nc3 Bc6 37.Ne2 g5 38.g3 Bd6 39.Bb2 Bd7 40.f4 Bc5+ 41.Bd4 Be7 42.Ke4 Bc6+
43.Ke3 Bg2 44.Nc3 Bc6 45.Ne2 Ba3 46.Bc3 Bd7 47.b4 Kf5 48.Nd4+ Kg4 49.Kd2 Ba4
50.Ne6 Kf5 51.Ng7+ Kg4 52.Ne6 gxf4 53.Nxf4 f5 54.Ng6 Kh3 55.Nf4+ Kxh2 56.Nxh5 Kh3
57.Ng7 Kg4 58.Ne6 Bb5 59.Nd4 Bc4 60.Kc2 b5 61.Be1 a6 62.Nc6 Bxa2 63.Ne5+ Kh3
64.Nd3 Kg2 65.Ne5 Kf1 66.Bd2 Be6 67.Nc6 Kf2 68.Nd4 Bd5 69.Nxf5 a5 70.bxa5 b4
71.Nd4 Kxg3 72.Bc1 Be4+ 73.Kd2 Kf4 74.Bxa3 bxa3 75.Kc3 Ke5 76.Kb3 Kxd4 77.Kxa3  1/2-1/2

[Event "12th Open A"]
[Site "Bosnjaci CRO"]
[Date "2006.01.06"]
[Round "5"]
[White "Cvitan,O"]
[Black "Saric,Ib"]
[Result "1-0"]
[WhiteElo "2527"]
[BlackElo "2441"]

1.c4 e6 2.Nc3 d5 3.d4 c6 4.Nf3 Nf6 5.e3 Nbd7 6.Be2 dxc4 7.a4 Be7 8.Bxc4 c5
9.O-O O-O 10.Qe2 Nb6 11.Bb3 Nbd5 12.e4 Nxc3 13.bxc3 cxd4 14.cxd4 b6 15.Bd2 Bb7
16.Bc2 Nd7 17.a5 Rc8 18.Bd3 Nb8 19.axb6 axb6 20.Rfb1 Nc6 21.Ra4 Ra8 22.Rxa8 Bxa8
23.Bc3 Nb8 24.Ne5 Nc6 25.Nf3 Nb8 26.h4 Nd7 27.Qb2 Nf6 28.Re1 Qc7 29.Bd2 Rd8
30.Qb1 h6 31.Rc1 Qb7 32.Bf4 Rc8 33.Re1 b5 34.d5 exd5 35.exd5 Nxd5 36.Bh7+ Kh8
37.Be4 Qa7 38.Be5 Bc5 39.Qb2 Bf8 40.Qxb5 Qc5 41.Qd7 Ne7 42.Bd6 Qc3 43.Bxe7  1-0

[Event "10th Open"]
[Site "Bad Zwesten GER"]
[Date "2006.01.07"]
[Round "8"]
[White "Grooten,H"]
[Black "Sergin,M"]
[Result "1-0"]
[WhiteElo "2350"]
[BlackElo "2074"]

1.d4 d5 2.c4 c6 3.Nc3 Nf6 4.e3 e6 5.Nf3 Nbd7 6.Bd3 dxc4 7.Bxc4 b5 8.Bb3 a6
9.O-O c5 10.e4 cxd4 11.Nxd4 Bb7 12.Re1 Nc5 13.Bg5 h6 14.Bh4 Nxb3 15.Nxb3 Qxd1
16.Raxd1 Bb4 17.Rd4 Bxc3 18.bxc3 Nxe4 19.Na5 Nc5 20.Re5 Nd7 21.Rxd7 Kxd7
22.Nxb7 Rhc8 23.Re3 Rc4 24.Bg3 f6 25.Rd3+ Ke7 26.Bd6+ Kf7 27.Bb4 Kg8 28.Kf1 e5
29.Ke2 Rb8 30.Na5 Rg4 31.g3 h5 32.Rd6 Ra8 33.f3 Rg6 34.Nc6 Kh7 35.Ne7 Rh6
36.Nf5 Rg6 37.h4 a5 38.Bc5 Rc8 39.Rd5 Rb8 40.a3 Rb7 41.Ke3 Rc7 42.Kd3 Rb7
43.Bd6  1-0

[Event "8th Hilton Schachfestival"]
[Site "Basel SUI"]
[Date "2006.01.07"]
[Round "7"]
[White "Nabavi,P"]
[Black "Zanetti,B"]
[Result "1-0"]
[WhiteElo "2137"]
[BlackElo "2049"]

1.d4 d5 2.c4 c6 3.Nf3 Nf6 4.Nc3 e6 5.e3 Nbd7 6.Bd3 Be7 7.O-O O-O 8.b3 Re8
9.Bb2 b6 10.Qe2 Bb7 11.Rfd1 c5 12.cxd5 cxd4 13.dxe6 dxc3 14.exf7+ Kxf7 15.Ng5+ Kg8
16.Bc4+ Nd5 17.Rxd5 Bxd5 18.Bxd5+ Kh8 19.Nf7+  1-0

[Event "10th Open"]
[Site "Bad Zwesten GER"]
[Date "2006.01.08"]
[Round "9"]
[White "Bischoff,K"]
[Black "Sobolevsky,L"]
[Result "1-0"]
[WhiteElo "2555"]
[BlackElo "2360"]

1.d4 d5 2.c4 c6 3.e3 Nf6 4.Nc3 e6 5.Nf3 Nbd7 6.Qc2 Bd6 7.b3 a6 8.Bb2 b5 9.Bd3 Rb8
10.c5 Bc7 11.Ne2 Qe7 12.h3 h6 13.b4 a5 14.a3 Rg8 15.Ne5 Nxe5 16.dxe5 Nd7
17.f4 Bb7 18.O-O-O f6 19.exf6 gxf6 20.g4 e5 21.Bf5 Bc8 22.Rhf1 axb4 23.axb4 Ra8
24.Nc3 Nf8 25.Bxc8 Rxc8 26.fxe5 Bxe5 27.e4 d4 28.Ne2 Ne6 29.Nxd4 Nxd4 30.Bxd4 Ra8
31.Qc3 h5 32.Rf5 Bxd4 33.Qxd4 hxg4 34.Rxf6 gxh3 35.Rxc6 h2 36.Rh6 Ra1+ 37.Qxa1 Qg5+
38.Kb1 Qxh6 39.Qe5+ Kf7 40.Rd7+  1-0

[Event "Open"]
[Site "Verona ITA"]
[Date "2006.01.09"]
[Round "9"]
[White "Rombaldoni,D"]
[Black "Lazic,Mi"]
[Result "0-1"]
[WhiteElo "2316"]
[BlackElo "2472"]

1.d4 d5 2.c4 c6 3.Nf3 Nf6 4.e3 e6 5.Nc3 Nbd7 6.Qc2 Bd6 7.g4 Bb4 8.Bd2 Qe7
9.g5 Bxc3 10.Bxc3 Ne4 11.Bd3 Nxc3 12.Qxc3 dxc4 13.Bxc4 O-O 14.Rg1 c5 15.O-O-O Nb6
16.Bb5 Bd7 17.Bxd7 Nxd7 18.Kb1 Rfc8 19.Qa3 b5 20.dxc5 Nxc5 21.Qb4 a5 22.Qh4 Na4
23.g6 Qxh4 24.gxf7+ Kxf7 25.Nxh4 Ra7 26.Nf3 h6 27.Ne5+ Kf6 28.f4 Kf5 29.Ng6 Ke4
30.Rg3 Rac7 31.Ne5 Kf5 32.Nf3 Ke4 33.Nd2+ Kd3 34.Nb3+ Ke4 35.Nd2+ Kd3 36.Nb3+ Ke4
37.Rd4+ Kf5 38.Rd2 e5 39.fxe5 Kxe5 40.Rh3 Nc5 41.Nd4 Ne4 42.Rh5+ g5 43.Rc2 Rxc2
44.Nxc2 Rc6 45.a3 Nd2+ 46.Kc1 Kf5 47.Rh3 Nb3+ 48.Kb1 Ke4 49.Rg3 a4 50.Rg4+ Ke5
51.h4 Kf5 52.Rb4 g4 53.Rxb5+ Ke4 54.Rb4+ Kd3 55.Rxg4 Rxc2 56.Rxa4 Nd2+ 57.Ka2 Rc4
58.Ra8 Rxh4 59.a4 Kxe3 60.Ka3 Kd3 61.a5 Rh1 62.Ka4 Ra1+ 63.Kb5 Nb3 64.a6 Nd4+
65.Kc5 Ra5+ 66.Kb6 Rb5+ 67.Kc7 Rxb2 68.Rh8 Rc2+ 69.Kd7 Nb5 70.Rxh6 Rc7+ 71.Kd8 Rg7
72.Kc8 Kc4 73.Kb8 Kc5 74.Rf6 Na7 75.Rh6 Nc6+ 76.Kc8 Kb6  0-1

[Event "Keres Mem B"]
[Site "Tallin EST"]
[Date "2006.01.12"]
[Round "8"]
[White "Akesson,J"]
[Black "Klovans,J"]
[Result "1/2-1/2"]
[WhiteElo "2346"]
[BlackElo "2440"]

1.d4 Nf6 2.Nf3 e6 3.c4 d5 4.Nc3 c6 5.e3 Nbd7 6.Qc2 Bd6 7.Be2 O-O 8.O-O dxc4
9.Bxc4 b5 10.Be2 Bb7 11.e4 e5 12.dxe5 Nxe5 13.Nxe5 Bxe5 14.Be3 Re8 15.Bf3 Qe7
16.Ne2 c5 17.Qxc5 Qxc5 18.Bxc5 Bxe4 19.Bxe4 Nxe4 20.Bd4 Nd2 21.Rfe1 Nc4 22.b3  1/2-1/2

[Event "TCh-AUT 2005-6"]
[Site "Austria AUT"]
[Date "2006.01.13"]
[Round "5"]
[White "Ftacnik,L"]
[Black "Buhmann,R"]
[Result "1-0"]
[WhiteElo "2606"]
[BlackElo "2546"]

1.d4 d5 2.c4 c6 3.Nc3 Nf6 4.Nf3 e6 5.e3 a6 6.b3 Bb4 7.Bd2 O-O 8.Bd3 Nbd7
9.O-O Qe7 10.Qe1 a5 11.Rc1 dxc4 12.bxc4 e5 13.Ng5 h6 14.Nge4 Nxe4 15.Nxe4 exd4
16.exd4 Nf6 17.d5 cxd5 18.Nxf6+ Qxf6 19.cxd5 Bf5 20.Bxb4 axb4 21.Bc4 Qd6
22.Qe3 Rfe8 23.Qg3 Rad8 24.Qxd6 Rxd6 25.Bb3 Kf8 26.Rfd1 Rc8 27.Rxc8+ Bxc8
28.Rd4 Rb6 29.d6 Ke8 30.h4 g5 31.Re4+ Kf8 32.Re7 Rxd6 33.Rxf7+ Ke8 34.hxg5 hxg5
35.Rg7 Be6 36.Rxg5 Bxb3 37.axb3 Rd3 38.Rg3 Rc3 39.Kh2 Kf7 40.Kh3 Kf6 41.Kg4 Ke5
42.f4+ Ke4 43.f5 Rc8 44.Rf3 Rg8+ 45.Kh3 Rf8 46.f6 Ke5 47.f7 Ke6 48.Kg4 Kd5  1-0

[Event "4th Parsvnath Open"]
[Site "New Delhi IND"]
[Date "2006.01.18"]
[Round "6"]
[White "Ibraev,N"]
[Black "Singh,DP"]
[Result "0-1"]
[WhiteElo "2523"]
[BlackElo "2395"]

1.Nf3 Nf6 2.c4 c6 3.Nc3 d5 4.e3 e6 5.d4 Nbd7 6.Qc2 Bd6 7.g4 h6 8.Rg1 e5 9.h4 exd4
10.Nxd4 Ne5 11.g5 hxg5 12.hxg5 Nfg4 13.f4 Nxc4 14.Bxc4 dxc4 15.Nf5 Nh2 16.Rg3 Bb4
17.Bd2 Ng4 18.Qe4+ Kf8 19.Nd4 Rh2 20.Nf3 Rh1+ 21.Rg1 Rxg1+ 22.Nxg1 Qd3 23.Qxd3 cxd3
24.Ne4 Be7 25.Rc1 Be6 26.a3 Bd5 27.Nc3 Bg2 28.Nd1 f5 29.Rc3 Rd8 30.b4 Kf7
31.Nf2 Nxf2 32.Kxf2 Be4 33.Nf3 Ke6 34.Kg3 Rh8 35.Ne5 Bxg5 36.Ng6 Rh5  0-1

[Event "4th Parsvnath Open"]
[Site "New Delhi IND"]
[Date "2006.01.19"]
[Round "7"]
[White "Mohota,N"]
[Black "Vidit,S"]
[Result "1/2-1/2"]
[WhiteElo "2318"]
[BlackElo "2095"]

1.d4 d5 2.c4 c6 3.Nf3 Nf6 4.Nc3 e6 5.e3 Nbd7 6.Bd3 Bd6 7.e4 dxe4 8.Nxe4 Nxe4
9.Bxe4 O-O 10.O-O h6 11.Bc2 Re8 12.b3 b6 13.Qd3 Nf8 14.Bb2 Bb7 15.Rad1 Qc7
16.c5 Be7 17.Ne5 Rad8 18.Qc3 Bf6 19.Ng4 Qf4 20.Nxf6+ Qxf6 21.Rd3 Rd5 22.Rf3 Qe7
23.Be4 Red8 24.Bxd5 Rxd5 25.Rg3 Nd7 26.Bc1 Qf6 27.b4 Ba6 28.Re1 Bb7 29.h3 Kh8
30.Rf3 Qe7 31.Bf4 Nf6 32.Be5 Ne8 33.Qe3 Kh7 34.Qf4 f6 35.Qe4+ Kh8 36.Bf4 Bc8
37.Rg3 Qf7 38.a4 g5 39.Bc1 Ng7 40.Rc3 Bd7 41.g4 e5 42.Rd1 f5 43.gxf5 Bxf5
44.Qf3 exd4 45.Rc4 Qe6 46.Bb2 g4 47.hxg4 Bxg4 48.Qf8+ Kh7 49.Rdxd4 Rg5 50.Rxg4 Rxg4+
51.Rxg4 Qxg4+ 52.Kh2 Qh4+ 53.Kg1 Qg4+ 54.Kh2 Qh4+ 55.Kg1  1/2-1/2

[Event "Corus C"]
[Site "Wijk aan Zee NED"]
[Date "2006.01.19"]
[Round "5"]
[White "Marcelin,C"]
[Black "Bensdorp,M"]
[Result "1-0"]
[WhiteElo "2441"]
[BlackElo "2230"]

1.d4 d5 2.c4 c6 3.Nc3 Nf6 4.e3 e6 5.Nf3 Nbd7 6.Qc2 b6 7.cxd5 cxd5 8.Nb5 Bb4+
9.Bd2 Bxd2+ 10.Nxd2 O-O 11.Rc1 Ne8 12.Bd3 Ndf6 13.O-O Ba6 14.a4 Bb7 15.Qb3 a6
16.Nc7 Nxc7 17.Qxb6 Nce8 18.Qxb7 Rb8 19.Qxa6 Rxb2 20.Nf3 Nd6 21.Rb1 Ra2 22.Ra1 Rxa1
23.Rxa1 Qc7 24.Ne5 Nde4 25.Qc6 Qa5 26.Qc2 g6 27.f3 Nd6 28.Qc5 Qd8 29.a5 Nf5
30.Bxf5 gxf5 31.a6 Nd7 32.Nxd7 Qxd7 33.Qxf8+  1-0

[Event "Open"]
[Site "Zagreb CRO"]
[Date "2006.01.19"]
[Round "6"]
[White "Martinovic,Sa"]
[Black "Doric,N"]
[Result "1/2-1/2"]
[WhiteElo "2182"]
[BlackElo "2367"]

1.d4 d5 2.c4 c6 3.Nc3 Nf6 4.e3 e6 5.Nf3 Nbd7 6.Qc2 Bd6 7.g4 dxc4 8.Bxc4 e5
9.Bd2 exd4 10.Nxd4 Nb6 11.Be2 O-O 12.O-O-O Nbd5 13.g5 Nxc3 14.Bxc3 Nd5 15.Bd3 g6
16.Bc4 Nxc3 17.Qxc3 Be5 18.Qc2 Qe7  1/2-1/2

[Event "2nd Bundesliga West 2005-6"]
[Site "Austria AUT"]
[Date "2006.01.20"]
[Round "6"]
[White "Enigl,K"]
[Black "Gattenloehner,S"]
[Result "1/2-1/2"]
[WhiteElo "2122"]
[BlackElo "2227"]

1.c4 c6 2.Nf3 d5 3.e3 Nf6 4.Nc3 e6 5.d4 Nbd7 6.Qc2 Bd6 7.e4 dxe4 8.Nxe4 Nxe4
9.Qxe4 Bb4+ 10.Bd2 Bxd2+ 11.Nxd2 c5 12.dxc5 O-O 13.Be2 Nxc5 14.Qc2 b6 15.O-O Bb7
16.Rfd1 Qc7 17.Bf3 Rac8 18.Bxb7 Nxb7 19.b3 Nd6 20.Ne4 Nxe4 21.Qxe4 Rfd8 22.Qe2 Rxd1+
23.Rxd1 Rd8 24.Rd3 g6 25.Qd2 Rxd3 26.Qxd3 Qe5 27.Qd1 h5 28.h4 Qe4 29.g3 e5
30.Qd8+ Kg7 31.Qc7 Qb1+ 32.Kg2 Qe4+ 33.Kg1 Qb1+ 34.Kg2 Qe4+  1/2-1/2

[Event "Corus C"]
[Site "Wijk aan Zee NED"]
[Date "2006.01.20"]
[Round "6"]
[White "Atalik,S"]
[Black "Marcelin,C"]
[Result "1-0"]
[WhiteElo "2618"]
[BlackElo "2441"]

1.d4 d5 2.c4 c6 3.Nf3 Nf6 4.Nc3 e6 5.e3 a6 6.Qc2 c5 7.cxd5 exd5 8.Be2 Nc6
9.Ne5 Qc7 10.Nxc6 Qxc6 11.O-O cxd4 12.exd4 Bb4 13.Bd3 O-O 14.f3 h6 15.Bf4 Nh5
16.Be5 Bxc3 17.Qxc3 Qxc3 18.bxc3 f6 19.Bd6 Rd8 20.Bc7 Rd7 21.Ba5 Nf4 22.Bc2 Kf7
23.Rfe1 Ng6 24.Re3 Ne7 25.Rae1 Nc6 26.Bb4 Nxb4 27.cxb4 b6 28.Rc3 g6 29.Rc6 Bb7
30.Rxb6  1-0

[Event "2nd Armenian Clubs"]
[Site "Yerevan ARM"]
[Date "2006.01.21"]
[Round "4"]
[White "Yegiazarian,A"]
[Black "Asrian,K"]
[Result "1/2-1/2"]
[WhiteElo "2531"]
[BlackElo "2646"]

1.d4 d5 2.c4 c6 3.Nc3 Nf6 4.e3 e6 5.Nf3 Nbd7 6.Ne5 Bb4 7.Bd2 Nxe5 8.dxe5 Bxc3
9.Bxc3 Ne4 10.Qc2 Nxc3 11.Qxc3 O-O 12.Bd3 f6 13.exf6 Qxf6 14.Qxf6 Rxf6 15.e4 Bd7
16.f3 d4 17.e5 Rff8 18.c5 Rfd8 19.Kd2 Be8 20.Rac1 Rd7 21.Rhe1 Rad8 22.Rc4 g5
23.Be4 Kg7 24.Kd3 h5 25.Ra4 a6 26.Rc1 Bg6 27.Rcc4 Bxe4+ 28.fxe4 Rf8 29.Rxd4 Rxd4+
30.Rxd4 Rf2 31.Rd7+ Kf8 32.Rxb7 Rxg2 33.Rb6 Rxh2 34.Rxc6 Ke7 35.Rxa6 Rxb2
36.Ra7+ Kd8 37.Rh7 h4 38.Rh5 Rxa2 39.Rxg5 Kd7 40.Rg7+ Kc6 41.Re7 Kxc5 42.Rxe6 Ra3+
43.Ke2 Kd4  1/2-1/2

[Event "2nd Bundesliga West 2005-6"]
[Site "Austria AUT"]
[Date "2006.01.22"]
[Round "8"]
[White "Heinritz,D"]
[Black "Platzgummer,F"]
[Result "0-1"]
[WhiteElo "1899"]
[BlackElo "2033"]

1.d4 Nf6 2.c4 e6 3.Nf3 d5 4.e3 c6 5.Nc3 Nbd7 6.Bd3 dxc4 7.Bxc4 b5 8.Bd3 a6
9.e4 c5 10.Bg5 cxd4 11.Nxd4 Ne5 12.Bc2 Nc4 13.Rb1 Bb4 14.Ne2 Qc7 15.Bxf6 gxf6
16.O-O Bb7 17.Qc1 Rg8 18.a4 Ne5 19.Qf4 Ke7 20.h3 Rg7 21.Rfc1 Rag8 22.g3 Bd6
23.Qe3 Nc4 24.Qd3 Bc5 25.Kg2 Rd8  0-1

[Event "TCh-HUN 2005-6"]
[Site "Hungary HUN"]
[Date "2006.01.22"]
[Round "6"]
[White "Sinkovics,P"]
[Black "Duong The Anh"]
[Result "1/2-1/2"]
[WhiteElo "2322"]
[BlackElo "2287"]

1.d4 d5 2.c4 c6 3.e3 Nf6 4.Nc3 e6 5.Nf3 Nbd7 6.Bd3 dxc4 7.Bxc4 b5 8.Bd3 Bd6
9.b3 O-O 10.Bb2 e5 11.h3 a6 12.O-O exd4 13.Nxd4 Ne5 14.Be2 c5 15.Nf3 Qe7
16.Nb1 Rd8 17.Nbd2 Bb7 18.Qc2 Rac8 19.Rac1 Ng6 20.Bd3 Re8 21.Bf5 Rc7 22.Rfd1 Bc8
23.Bxf6 gxf6 24.Bxc8 Rexc8 25.Ne4 Be5 26.Nxe5 fxe5 27.Rd6 c4 28.Rcd1 c3 29.Rxa6 Rc6
30.Rd6 Rxa6 31.Rxa6 b4 32.Nd6 Rd8 33.Nc4 Qg5 34.Rd6 Rxd6 35.Nxd6 Nh4 36.g3 Nf3+
37.Kf1 Nd2+ 38.Ke1 Qh6 39.Nc4 Nf3+ 40.Ke2 Qh5 41.g4 Qxh3 42.Qf5 h6 43.Nd6 Ng1+
44.Ke1 Nf3+ 45.Ke2 Ng1+  1/2-1/2

[Event "Corus B"]
[Site "Wijk aan Zee NED"]
[Date "2006.01.22"]
[Round "8"]
[White "Koneru,H"]
[Black "Smeets,J"]
[Result "1-0"]
[WhiteElo "2537"]
[BlackElo "2550"]

1.d4 d5 2.Nf3 Nf6 3.c4 e6 4.Nc3 c6 5.e3 Nbd7 6.Bd3 dxc4 7.Bxc4 b5 8.Bd3 Bb7
9.O-O a6 10.e4 c5 11.d5 Qc7 12.dxe6 fxe6 13.Bc2 c4 14.Ng5 Nc5 15.Qf3 Bd6
16.Qh3 Qd7 17.Rd1 Qe7 18.e5 Bxe5 19.Bg6+ Kf8 20.Be3 Ncd7 21.Nxe6+ Kg8 22.Bc2 Re8
23.Ng5 g6 24.Re1 Qb4 25.Rab1 Bc8 26.Qf3 Kg7 27.Nd5 Qa5 28.Nf4 Nf8 29.h4 Bxb2
30.h5 h6 31.Ne4 Nxe4 32.Bxe4 g5 33.Nd5 Ne6 34.Bb6 Qa3 35.Re3 Qxa2 36.Nb4 Qa4
37.Rxb2 Rhf8 38.Qg3 Nf4 39.Rb1 Kg8 40.Bc2 Rxe3 41.Qxe3  1-0

[Event "Gibtelecom Masters"]
[Site "Gibraltar ENG"]
[Date "2006.01.24"]
[Round "1"]
[White "Schuurman,P"]
[Black "Sundararajan,K"]
[Result "1/2-1/2"]
[WhiteElo "2234"]
[BlackElo "2495"]

1.d4 d5 2.c4 c6 3.Nc3 Nf6 4.e3 e6 5.Nf3 Nbd7 6.Bd3 dxc4 7.Bxc4 b5 8.Be2 Bb7
9.O-O a6 10.e4 c5 11.e5 Nd5 12.a4 b4 13.Ne4 cxd4 14.Bg5 Qb8 15.Qxd4 h6 16.Bh4 Qa7
17.Rfd1 Qxd4 18.Rxd4 Rc8 19.Bg3 Be7 20.Nfd2 O-O 21.Nc4 Nc5 22.Nxc5 Rxc5 23.Bf3 Rfc8
24.Nd6 Bxd6 25.exd6 Rc2 26.d7 Rd8 27.Bxd5 Bxd5 28.Rxb4 Rxd7 29.h4 f6 30.Rb6 a5
31.b4 axb4 32.Rxb4 Ra7  1/2-1/2

[Event "GM"]
[Site "Marianske Lazne CZE"]
[Date "2006.01.24"]
[Round "5"]
[White "Malaniuk,V"]
[Black "Petr,Ma"]
[Result "1/2-1/2"]
[WhiteElo "2532"]
[BlackElo "2416"]

1.d4 e6 2.c4 d5 3.Nf3 Nf6 4.Nc3 c6 5.e3 Nbd7 6.Qc2 Bd6 7.a3 O-O 8.b4 Qe7
9.Bb2 e5 10.cxd5 cxd5 11.dxe5 Nxe5 12.Nb5 Bb8 13.Qc5 Qxc5 14.bxc5 Ned7 15.Rc1 Ne4
16.c6 bxc6 17.Rxc6 a6 18.Nc7 Bb7 19.Rc1 Ra7 20.Bd4 Rc8 21.Bd3 Ra8 22.Ne5 Nf8
23.Nxd5 Rxc1+ 24.Ke2 Bxd5 25.Rxc1 Bd6 26.Nc4 Bxc4 27.Rxc4 Ng5 28.Rc6 Bxa3
29.Rxa6 Rxa6 30.Bxa6 Nge6 31.Bc3 Bd6 32.h4 Nd7 33.Bb7 g6 34.g3 Kf8 35.Bd5 Ke7
36.Bb2 Nec5 37.Bc6 Ne5 38.Bd5 Ng4 39.Bd4 f5 40.Bxc5 Bxc5 41.Bb7 Nf6 42.Ba6 Kd6
43.Bc4 Ke5 44.Bf7 Ne4 45.Bg8 h6 46.Bf7 Kf6 47.Be8 Bb4 48.Bc6 Bd6 49.Kf3 Nc3
50.Be8 Bb4 51.Bc6 Bd6 52.Be8 g5 53.hxg5+ hxg5 54.Bd7 Ke5 55.Bc8 Nd5 56.Bd7 Nf6
57.Bc8 Bb4 58.Ke2 Ne4 59.g4 Kd6 60.f4 fxg4  1/2-1/2

[Event "FINEC IM"]
[Site "St Petersburg RUS"]
[Date "2006.01.24"]
[Round "8"]
[White "Zacurdajev,M"]
[Black "Rumiantsev,An"]
[Result "1-0"]
[WhiteElo "2337"]
[BlackElo "2249"]

1.d4 d5 2.c4 e6 3.Nc3 c6 4.e3 Nf6 5.Nf3 Nbd7 6.Bd3 dxc4 7.Bxc4 b5 8.Be2 Bb7
9.O-O a6 10.e4 c5 11.e5 Ne4 12.a4 b4 13.Nxe4 Bxe4 14.Ng5 Bd5 15.Bh5 g6 16.Bf3 Nb6
17.a5 Nc4 18.Bxd5 Qxd5 19.Qa4+ Qd7 20.Qc2 Qb5 21.b3 Nxa5 22.Qe4 Ra7 23.Rxa5 Qxa5
24.Qc6+ Rd7 25.Nxf7 Qc7 26.Qxe6+ Re7 27.Nd6+ Kd8  1-0

[Event "Winter Open"]
[Site "Belgrade SCG"]
[Date "2006.01.25"]
[Round "5"]
[White "Eric,D"]
[Black "Skare,G"]
[Result "1-0"]
[WhiteElo "2193"]
[BlackElo "2303"]

1.c4 c6 2.d4 d5 3.Nc3 Nf6 4.Nf3 e6 5.e3 Nbd7 6.b3 Bd6 7.Bd3 O-O 8.O-O Qe7
9.Qc2 dxc4 10.bxc4 e5 11.Bf5 Re8 12.Rb1 g6 13.Bh3 e4 14.Nd2 Nf8 15.Bxc8 Raxc8
16.f3 exf3 17.Nxf3 c5 18.d5 b6 19.Bd2 N8d7 20.Rbe1 Ne4 21.Nxe4 Qxe4 22.Qa4 Rc7
23.g3 h6 24.Bc3 Qd3 25.Bd2 Re4 26.Rc1 Nf6 27.Rc3 Qxd5 28.Nd4 Qg5 29.Ne2 Ng4
30.Rd3 Qe7 31.Nc3 Re6 32.Nd5 Qd7 33.Qd1 Ne5 34.Bc3 Nxd3 35.Qxd3 Rc6 36.Nf6+ Rxf6
37.Rxf6 Qe7 38.Qd5 Qxe3+ 39.Kg2 Qe2+ 40.Kh3 Qh5+ 41.Qxh5 gxh5 42.Be5 Bxe5
43.Rxc6 Kg7 44.Kh4 Bd4 45.Kxh5 Bg1 46.h4 Bf2 47.Kg4 Be1 48.Rc7 Kg6 49.Rxa7 f5+
50.Kf3 Kf6 51.Ra8 Ba5 52.Ke3 Be1 53.Rb8 Bxg3 54.Rxb6+ Ke5 55.Rc6 f4+ 56.Kd3 f3
57.Rxh6 f2 58.Ke2 Kd4 59.Rg6  1-0

[Event "14th FAJR Open"]
[Site "Tehran IRI"]
[Date "2006.01.25"]
[Round "3"]
[White "Ghorbani,M"]
[Black "Saeedi,R"]
[Result "1-0"]
[WhiteElo "2275"]
[BlackElo "2172"]

1.d4 Nf6 2.c4 c6 3.Nc3 d5 4.e3 e6 5.Nf3 Nbd7 6.Qc2 Bd6 7.a3 O-O 8.Be2 dxc4
9.Bxc4 e5 10.O-O exd4 11.exd4 h6 12.Ba2 Qc7 13.g3 Nb6 14.Bxh6 gxh6 15.Qg6+ Kh8
16.Qxf6+ Kg8 17.Qg6+ Kh8 18.Qxh6+ Kg8 19.Qg5+ Kh8 20.Qf6+ Kg8 21.Ng5  1-0